000 00659nam a2200181 i 4500
001 182095
003 ES-MaACL
005 20250915063104.0
008 130605s1989 sp |||| | spa d
100 1 _aMartínez Val, José María,
_d1916-
_978455
245 1 3 _aLa autonomía universitaria ante el tribunal constitucional /
_cpor José María Martínez Val.
260 _aValencia :
_bRevista General del Derecho,
_c1989.
300 _aP. [6439]-6460 ;
_c23 cm.
595 _aSeparata publicada en la "Revista General de Derecho", nºs. 541-542.
650 4 _aAutonomía universitaria.
_9152842
852 _aES-MaACL
_j2141-F-21
999 _c182095
_d182095